<?xml version="1.0" encoding="UTF-8"?><?xml-stylesheet type="text/xsl" href="static/style.xsl"?><OAI-PMH xmlns="http://www.openarchives.org/OAI/2.0/" xmlns:xsi="http://www.w3.org/2001/XMLSchema-instance" xsi:schemaLocation="http://www.openarchives.org/OAI/2.0/ http://www.openarchives.org/OAI/2.0/OAI-PMH.xsd"><responseDate>2026-04-17T01:58:16Z</responseDate><request verb="GetRecord" identifier="oai:www.recercat.cat:2072/443465" metadataPrefix="marc">https://recercat.cat/oai/request</request><GetRecord><record><header><identifier>oai:recercat.cat:2072/443465</identifier><datestamp>2024-12-21T03:12:51Z</datestamp><setSpec>com_2072_220028</setSpec><setSpec>com_2072_4427</setSpec><setSpec>col_2072_220407</setSpec></header><metadata><record xmlns="http://www.loc.gov/MARC21/slim" xmlns:dcterms="http://purl.org/dc/terms/" xmlns:xsi="http://www.w3.org/2001/XMLSchema-instance" xmlns:doc="http://www.lyncode.com/xoai" xsi:schemaLocation="http://www.loc.gov/MARC21/slim http://www.loc.gov/standards/marcxml/schema/MARC21slim.xsd">
   <leader>00925njm 22002777a 4500</leader>
   <datafield ind2=" " ind1=" " tag="042">
      <subfield code="a">dc</subfield>
   </datafield>
   <datafield ind2=" " ind1=" " tag="720">
      <subfield code="a">Aranda González, Raúl</subfield>
      <subfield code="e">author</subfield>
   </datafield>
   <datafield ind2=" " ind1=" " tag="720">
      <subfield code="a">Ruiz Rodríguez, Julio César</subfield>
      <subfield code="e">author</subfield>
   </datafield>
   <datafield ind2=" " ind1=" " tag="260">
      <subfield code="c">2020</subfield>
   </datafield>
   <datafield ind2=" " ind1=" " tag="520">
      <subfield code="a">Se presentan a continuación los resultados preliminares de un estudio en curso sobre la reutilización de materiales en la necrópolis paleocristiana de Tarragona. En primer lugar, se recogen los datos estadísticos derivados del estudio de los elementos arquitectónicos reutilizados, un total de 107 piezas. En función de los datos se trazan algunas pautas sobre el caso particular de Tarragona y, posteriormente, se plantea el debate sobre el fenómeno de la reutilización en contextos funerario-martiriales, en base a algunos paralelos comparables al caso tarraconense.</subfield>
   </datafield>
   <datafield ind2=" " ind1=" " tag="520">
      <subfield code="a">We present the preliminary results of an ongoing study on the reuse of materials in the Paleochristian necropolis of Tarragona. First, we present statistical data derived from the study of reused architectural elements, a total of 107 pieces. We analyze some guidelines on the particular case of Tarragona and, subsequently, we pose the debate on the phenomenon of reuse in funeralmartyrial contexts, based on some parallels.</subfield>
   </datafield>
   <datafield ind1="8" ind2=" " tag="024">
      <subfield code="a">978-84-09-26151-2</subfield>
   </datafield>
   <datafield ind1="8" ind2=" " tag="024">
      <subfield code="a">http://hdl.handle.net/2072/443465</subfield>
   </datafield>
   <datafield ind2="0" ind1="0" tag="245">
      <subfield code="a">La reutilización de elementos arquitectónicos en contextos funerario-martiriales: El caso del complejo paleocristiano de Tarragona</subfield>
   </datafield>
</record></metadata></record></GetRecord></OAI-PMH>